000 003320000a22001450004500
003 MACL
040 _aMACL
090 _c31282
_d31281
100 _aSingh, Major Mehar
245 _aIndian Navy Artificer Apprentices
260 _bBright Careers Institute
_c2003
350 _a60
650 _aNaval Forces
942 _cBOOK
_k359/SIN
999 _c30968
_d30968